000 01000nam a22003017a 4500
003 CHAP
005 20220329134112.0
008 971013s1864 r 00010 d
010 _a15404
011 _a16376
035 _a20455
040 _cCHAP
082 _a630.946
_bH5
100 0 0 _aHidalgo y Tablada, José de.
_955211
245 _aCurso de economía rural española
260 _aMadrid :
_bImprenta y Librería de la Sra. Viuda é Hijos de José Cuesta,
_c1864
300 _av.
_b: ilus.
590 _aBATCH-UPD
_b10
_c20130110
_lUCH01
_h1140
590 _aBATCH-UPD
_b10
_c20130410
_lUCH01
_h0726
590 _aBATCH-UPD
_b10
_c20130913
_lUCH01
_h2248
590 _aCONVERSION
_b10
_c20130109
_lUCH01
_h1310
650 1 4 _aAgricultura
_xAspectos economicos
_xEspana.
_91241
650 1 4 _aAgricultura
_zEspaña.
_91923
901 _aBK
942 _cLIBRO
949 _a630.946 H5
_bBC
_cBPP
_d-47740
_eBPP
_fv.1
_h20368
_i20455
_si
949 _a630.946 H5
_bBC
_cBPP
_d-47742
_eBPP
_fv.2
_h20369
_i20455
_si
999 _c15404
_d15404